[Event "Najdorf Memorial"]
[Site "Warsaw POL"]
[Date "2021.07.13"]
[Round "4.26"]
[White "Adamski, Jan"]
[Black "Chylewski, Patryk"]
[Result "1/2-1/2"]
[WhiteElo "2145"]
[BlackElo "2290"]
[EventDate "2021.07.10"]
[PlyCount "85"]
[LiveChessVersion "1.4.8"]

1.c4 {[%clk 1:30:29]} 1...e5 {[%clk 1:29:04]} 2.Nc3 {[%clk 1:30:41]} 2...Nc6
{[%clk 1:29:29]} 3.Nf3 {[%clk 1:31:05]} 3...f5 {[%clk 1:29:41]} 4.d4 {[%clk
1:30:49]} 4...e4 {[%clk 1:29:53]} 5.Bg5 {[%clk 1:30:14]} 5...Nf6 {[%clk
1:29:22]} 6.Ne5 {[%clk 1:25:26]} 6...Be7 {[%clk 1:28:40]} 7.Nxc6 {[%clk
1:25:03]} 7...bxc6 {[%clk 1:25:06]} 8.e3 {[%clk 1:24:48]} 8...O-O {[%clk
1:25:26]} 9.Be2 {[%clk 1:21:57]} 9...Rb8 {[%clk 1:24:30]} 10.Rb1 {[%clk
1:18:15]} 10...Bb7 {[%clk 1:23:14]} 11.O-O {[%clk 1:15:04]} 11...h6 {[%clk
1:20:49]} 12.Bxf6 {[%clk 0:59:43]} 12...Bxf6 {[%clk 1:20:41]} 13.f4 {[%clk
0:53:57]} 13...c5 {[%clk 1:17:38]} 14.dxc5 {[%clk 0:50:42]} 14...Bxc3 {[%clk
1:15:31]} 15.bxc3 {[%clk 0:48:56]} 15...Bc6 {[%clk 1:15:47]} 16.Qd4 Qe7 {[%clk
1:15:10]} 17.Kh1 {[%clk 0:31:54]} 17...a5 {[%clk 1:15:20]} 18.g4 {[%clk
0:28:10]} 18...Rxb1 {[%clk 0:55:34]} 19.Rxb1 {[%clk 0:28:38]} 19...Kh7 {[%clk
0:55:22]} 20.Rg1 {[%clk 0:21:03]} 20...g5 {[%clk 0:51:24]} 21.gxf5 {[%clk
0:17:18]} 21...Rxf5 {[%clk 0:51:37]} 22.fxg5 {[%clk 0:16:17]} 22...hxg5 {[%clk
0:48:32]} 23.Rf1 {[%clk 0:14:39]} 23...Qxc5 {[%clk 0:42:56]} 24.Rxf5 {[%clk
0:12:26]} 24...Qxf5 {[%clk 0:43:15]} 25.Kg2 {[%clk 0:12:32]} 25...g4 {[%clk
0:35:42]} 26.Qd1 {[%clk 0:08:53]} 26...Qg5 {[%clk 0:33:29]} 27.Qd4 {[%clk
0:07:57]} 27...a4 {[%clk 0:32:18]} 28.Kg3 {[%clk 0:06:15]} 28...Qf5 {[%clk
0:21:47]} 29.Bxg4 {[%clk 0:03:20]} 29...Qf1 {[%clk 0:22:05]} 30.Qe5 {[%clk
0:02:29]} 30...Qe1+ {[%clk 0:20:05]} 31.Kf4 {[%clk 0:01:51]} 31...Qf2+ {[%clk
0:20:18]} 32.Kg5 {[%clk 0:02:11]} 32...Qxe3+ {[%clk 0:20:42]} 33.Qf4 {[%clk
0:02:24]} 33...Qxc3 {[%clk 0:19:19]} 34.Qf7+ {[%clk 0:01:43]} 34...Qg7+ {[%clk
0:19:33]} 35.Qxg7+ {[%clk 0:02:06]} 35...Kxg7 {[%clk 0:19:59]} 36.a3 {[%clk
0:02:20]} 36...d6 {[%clk 0:12:21]} 37.Kf4 {[%clk 0:02:02]} 37...Kf6 {[%clk
0:07:38]} 38.Bf5 {[%clk 0:01:01]} 38...e3 {[%clk 0:06:31]} 39.Bd3 {[%clk
0:01:24]} 39...Be8 {[%clk 0:02:45]} 40.h4 {[%clk 0:30:47]} 40...c6 {[%clk
0:31:37]} 41.Kxe3 {[%clk 0:30:14]} 41...Ke5 {[%clk 0:30:54]} 42.Bc2 {[%clk
0:22:11]} 42...c5 {[%clk 0:26:05]} 43.Bd3 {[%clk 0:12:52]} 1/2-1/2

[Event "Najdorf Memorial"]
[Site "Warsaw POL"]
[Date "2021.07.13"]
[Round "4.27"]
[White "Dwilewicz, Katarzyna"]
[Black "Luberanski, Jakub"]
[Result "0-1"]
[WhiteElo "2082"]
[BlackElo "2274"]
[EventDate "2021.07.10"]
[PlyCount "89"]
[LiveChessVersion "1.4.8"]

1.e4 {[%clk 1:30:55]} 1...c6 {[%clk 1:30:57]} 2.d4 {[%clk 1:29:45]} 2...d5
{[%clk 1:31:23]} 3.Nc3 {[%clk 1:29:56]} 3...dxe4 {[%clk 1:31:49]} 4.Nxe4 {[%clk
1:30:21]} 4...Nf6 {[%clk 1:32:15]} 5.Nxf6+ {[%clk 1:30:23]} 5...exf6 {[%clk
1:32:42]} 6.c3 {[%clk 1:28:51]} 6...Bd6 {[%clk 1:33:05]} 7.Bd3 {[%clk 1:29:00]}
7...O-O {[%clk 1:33:22]} 8.Qc2 {[%clk 1:29:01]} 8...Re8+ {[%clk 1:33:42]} 9.Ne2
{[%clk 1:29:23]} 9...h5 {[%clk 1:33:49]} 10.Be3 {[%clk 1:28:28]} 10...Nd7
{[%clk 1:33:36]} 11.O-O-O {[%clk 1:28:52]} 11...Nf8 {[%clk 1:34:02]} 12.Kb1
{[%clk 1:24:08]} 12...Be6 {[%clk 1:32:34]} 13.c4 {[%clk 1:23:36]} 13...Rc8
{[%clk 1:30:29]} 14.Nc3 {[%clk 1:22:32]} 14...g6 {[%clk 1:23:30]} 15.h3 {[%clk
1:14:30]} 15...f5 {[%clk 1:12:08]} 16.g3 {[%clk 1:09:44]} 16...Bb4 {[%clk
1:03:53]} 17.a3 {[%clk 0:58:29]} 17...Bxc3 {[%clk 0:57:27]} 18.Qxc3 {[%clk
0:58:52]} 18...b5 {[%clk 0:56:29]} 19.d5 {[%clk 0:52:05]} 19...cxd5 {[%clk
0:56:03]} 20.c5 {[%clk 0:52:08]} 20...Bd7 {[%clk 0:52:42]} 21.Bc2 {[%clk
0:39:37]} 21...Bc6 {[%clk 0:45:17]} 22.Bd4 {[%clk 0:26:01]} 22...Ne6 {[%clk
0:37:41]} 23.g4 {[%clk 0:26:23]} 23...fxg4 {[%clk 0:34:44]} 24.hxg4 {[%clk
0:26:35]} 24...h4 {[%clk 0:31:27]} 25.f3 {[%clk 0:06:26]} 25...Nxd4 {[%clk
0:24:38]} 26.Qxd4 {[%clk 0:06:05]} 26...Qe7 {[%clk 0:18:07]} 27.f4 {[%clk
0:04:22]} 27...Bd7 {[%clk 0:13:29]} 28.f5 {[%clk 0:02:53]} 28...g5 {[%clk
0:07:36]} 29.b4 {[%clk 0:01:35]} 29...Qe5 {[%clk 0:06:20]} 30.Qd2 {[%clk
0:01:45]} 30...Qf6 {[%clk 0:06:31]} 31.Bb3 {[%clk 0:01:15]} 31...Bc6 {[%clk
0:06:20]} 32.Rh3 {[%clk 0:01:30]} 32...Rcd8 {[%clk 0:05:50]} 33.Rd3 {[%clk
0:00:54]} 33...Re5 {[%clk 0:02:57]} 34.Qb2 {[%clk 0:00:50]} 34...Kg7 {[%clk
0:03:10]} 35.Kc1 {[%clk 0:00:46]} 35...a6 {[%clk 0:03:01]} 36.Qc3 {[%clk
0:00:40]} 36...Re4 {[%clk 0:02:13]} 37.Qxf6+ {[%clk 0:00:50]} 37...Kxf6 {[%clk
0:02:40]} 38.Bxd5 {[%clk 0:01:10]} 38...Rxd5 {[%clk 0:02:55]} 39.Rxd5 {[%clk
0:01:38]} 39...Bxd5 {[%clk 0:03:19]} 40.Rxd5 {[%clk 0:32:05]} 40...Rxg4 {[%clk
0:33:02]} 41.Kd2 {[%clk 0:25:56]} 41...h3 {[%clk 0:30:05]} 42.c6 {[%clk
0:24:11]} 42...Rc4 {[%clk 0:28:52]} 43.Rd3 {[%clk 0:22:48]} 43...g4 {[%clk
0:28:41]} 44.Rc3 {[%clk 0:22:56]} 44...Rxc3 {[%clk 0:28:48]} 45.Kxc3 {[%clk
0:23:22]} 0-1

[Event "Najdorf Memorial"]
[Site "Warsaw POL"]
[Date "2021.07.13"]
[Round "4.28"]
[White "Mohammadi Nia, Borna"]
[Black "Zochowski, Kacper"]
[Result "0-1"]
[WhiteElo "2079"]
[BlackElo "2262"]
[EventDate "2021.07.10"]
[PlyCount "94"]
[LiveChessVersion "1.4.8"]

1.e4 {[%clk 1:30:55]} 1...d6 {[%clk 1:19:16]} 2.d4 {[%clk 1:31:09]} 2...g6
{[%clk 1:19:34]} 3.Nf3 {[%clk 1:31:22]} 3...Bg7 {[%clk 1:19:43]} 4.Nc3 {[%clk
1:31:02]} 4...a6 {[%clk 1:19:28]} 5.a4 {[%clk 1:28:32]} 5...b6 {[%clk 1:19:19]}
6.Bc4 {[%clk 1:28:14]} 6...e6 {[%clk 1:19:05]} 7.Bb3 {[%clk 1:25:08]} 7...Bb7
{[%clk 1:16:00]} 8.Qe2 {[%clk 1:21:04]} 8...Nd7 {[%clk 1:14:07]} 9.h3 {[%clk
1:17:23]} 9...Ne7 {[%clk 1:09:13]} 10.Bg5 {[%clk 1:15:38]} 10...h6 {[%clk
1:06:38]} 11.Be3 {[%clk 1:15:02]} 11...Nf6 {[%clk 1:04:27]} 12.Nd2 {[%clk
1:12:44]} 12...d5 {[%clk 0:49:57]} 13.f3 {[%clk 1:00:54]} 13...c5 {[%clk
0:31:48]} 14.exd5 {[%clk 0:46:47]} 14...Nfxd5 {[%clk 0:27:51]} 15.Nxd5 {[%clk
0:41:26]} 15...cxd4 {[%clk 0:17:50]} 16.Nxb6 {[%clk 0:31:57]} 16...Qxb6 {[%clk
0:12:02]} 17.Bf4 {[%clk 0:27:52]} 17...O-O {[%clk 0:10:44]} 18.Nc4 {[%clk
0:27:10]} 18...Qb4+ {[%clk 0:05:02]} 19.Qd2 {[%clk 0:20:15]} 19...Qxd2+ {[%clk
0:05:28]} 20.Kxd2 {[%clk 0:20:38]} 20...Nd5 {[%clk 0:05:47]} 21.Be5 {[%clk
0:20:03]} 21...Bxe5 {[%clk 0:05:45]} 22.Nxe5 {[%clk 0:20:29]} 22...Rfd8 {[%clk
0:06:14]} 23.Bxd5 {[%clk 0:19:42]} 23...Rxd5 {[%clk 0:05:51]} 24.Rhe1 {[%clk
0:19:45]} 24...Rc8 {[%clk 0:05:18]} 25.b4 {[%clk 0:18:22]} 25...Kg7 {[%clk
0:04:59]} 26.Nd3 {[%clk 0:17:19]} 26...Rc4 {[%clk 0:04:58]} 27.Rab1 {[%clk
0:14:29]} 27...Kf6 {[%clk 0:03:45]} 28.Rb3 {[%clk 0:14:00]} 28...Bc8 {[%clk
0:01:27]} 29.Nc5 {[%clk 0:11:50]} 29...a5 {[%clk 0:01:05]} 30.Kd3 {[%clk
0:12:15]} 30...Rxb4 {[%clk 0:01:23]} 31.Rxb4 {[%clk 0:12:43]} 31...axb4 {[%clk
0:01:52]} 32.Kc4 {[%clk 0:13:03]} 32...Ke7 {[%clk 0:01:53]} 33.Kxb4 {[%clk
0:12:34]} 33...Kd6 {[%clk 0:02:11]} 34.Ne4+ {[%clk 0:10:13]} 34...Kc6 {[%clk
0:02:29]} 35.Ra1 {[%clk 0:09:54]} 35...Ba6 {[%clk 0:02:12]} 36.Rc1 {[%clk
0:06:15]} 36...Rd8 {[%clk 0:02:16]} 37.Nf2 {[%clk 0:03:43]} 37...Rb8+ {[%clk
0:02:32]} 38.Ka3 {[%clk 0:04:11]} 38...Kd5 {[%clk 0:02:04]} 39.Nd3 {[%clk
0:03:13]} 39...Kc4 {[%clk 0:01:51]} 40.Ne5+ {[%clk 0:32:13]} 40...Kc3 {[%clk
0:31:25]} 41.Rd1 {[%clk 0:25:43]} 41...Ra8 {[%clk 0:14:10]} 42.Nd7 {[%clk
0:19:45]} 42...Rd8 {[%clk 0:13:09]} 43.Nc5 {[%clk 0:18:33]} 43...Kxc2 {[%clk
0:12:38]} 44.Rg1 {[%clk 0:15:35]} 44...Be2 {[%clk 0:08:10]} 45.Nb3 {[%clk
0:14:24]} 45...Kd3 {[%clk 0:07:03]} 46.Kb2 {[%clk 0:11:15]} 46...Ke3 {[%clk
0:07:12]} 47.a5 {[%clk 0:11:06]} 47...d3 {[%clk 0:07:11]} 0-1

[Event "Najdorf Memorial"]
[Site "Warsaw POL"]
[Date "2021.07.13"]
[Round "4.29"]
[White "Jakubowska, Anna"]
[Black "Bednarczyk, Damian"]
[Result "0-1"]
[WhiteElo "2073"]
[BlackElo "2247"]
[EventDate "2021.07.10"]
[PlyCount "68"]
[LiveChessVersion "1.4.8"]

1.e4 {[%clk 1:30:57]} 1...c5 {[%clk 1:15:43]} 2.Nf3 {[%clk 1:31:19]} 2...d6
{[%clk 1:16:00]} 3.d4 {[%clk 1:31:40]} 3...cxd4 {[%clk 1:16:18]} 4.Nxd4 {[%clk
1:32:05]} 4...Nf6 {[%clk 1:16:36]} 5.Nc3 {[%clk 1:32:23]} 5...g6 {[%clk
1:15:58]} 6.Be3 {[%clk 1:31:53]} 6...Bg7 {[%clk 1:16:19]} 7.Be2 {[%clk 1:31:46]}
7...O-O {[%clk 1:16:27]} 8.Qd2 {[%clk 1:31:58]} 8...Nc6 {[%clk 1:16:09]}
9.O-O-O {[%clk 1:31:45]} 9...Bd7 {[%clk 1:15:59]} 10.Kb1 {[%clk 1:30:44]}
10...Re8 {[%clk 1:04:47]} 11.h4 {[%clk 1:28:25]} 11...h5 {[%clk 1:03:51]} 12.f3
{[%clk 1:17:35]} 12...Qa5 {[%clk 1:03:51]} 13.Nxc6 {[%clk 1:17:35]} 13...Bxc6
{[%clk 1:00:37]} 14.g4 {[%clk 1:13:07]} 14...Rac8 {[%clk 0:49:50]} 15.Bd4
{[%clk 1:06:32]} 15...hxg4 {[%clk 0:34:20]} 16.Bxf6 {[%clk 0:35:12]} 16...Bxf6
{[%clk 0:31:52]} 17.Nd5 {[%clk 0:35:22]} 17...Qxd2 {[%clk 0:32:00]} 18.Nxf6+
{[%clk 0:30:40]} 18...exf6 {[%clk 0:32:18]} 19.Rxd2 {[%clk 0:31:09]} 19...gxf3
{[%clk 0:31:56]} 20.Bxf3 {[%clk 0:31:35]} 20...f5 {[%clk 0:27:30]} 21.Rxd6
{[%clk 0:30:17]} 21...fxe4 {[%clk 0:27:35]} 22.Be2 {[%clk 0:28:59]} 22...Rcd8
{[%clk 0:24:59]} 23.Rf6 {[%clk 0:28:54]} 23...e3 {[%clk 0:22:43]} 24.Re1 {[%clk
0:25:17]} 24...Kg7 {[%clk 0:17:51]} 25.Rf4 {[%clk 0:21:03]} 25...Re4 {[%clk
0:17:20]} 26.Rxe4 {[%clk 0:18:56]} 26...Bxe4 {[%clk 0:17:48]} 27.Bd3 {[%clk
0:19:23]} 27...Bxd3 {[%clk 0:16:45]} 28.cxd3 {[%clk 0:19:50]} 28...Rxd3 {[%clk
0:17:07]} 29.Kc2 {[%clk 0:20:18]} 29...Rd4 {[%clk 0:17:05]} 30.Rxe3 {[%clk
0:20:45]} 30...Rxh4 {[%clk 0:17:29]} 31.Re7 {[%clk 0:20:47]} 31...Rb4 {[%clk
0:17:48]} 32.Kc3 {[%clk 0:20:51]} 32...Rb6 {[%clk 0:18:13]} 33.b4 {[%clk
0:21:07]} 33...g5 {[%clk 0:18:22]} 34.a4 {[%clk 0:21:20]} 34...g4 {[%clk
0:18:23]} 0-1

[Event "Najdorf Memorial"]
[Site "Warsaw POL"]
[Date "2021.07.13"]
[Round "4.30"]
[White "Redzisz, Michal"]
[Black "Smietanska, Wiktoria"]
[Result "1-0"]
[WhiteElo "2246"]
[BlackElo "1819"]
[EventDate "2021.07.10"]
[PlyCount "116"]
[LiveChessVersion "1.4.8"]

1.d4 {[%clk 1:26:42]} 1...Nf6 {[%clk 1:30:57]} 2.c4 {[%clk 1:26:58]} 2...g6
{[%clk 1:31:20]} 3.g3 {[%clk 1:27:21]} 3...Bg7 {[%clk 1:31:38]} 4.Nf3 {[%clk
1:27:47]} 4...d6 {[%clk 1:31:48]} 5.Bg2 {[%clk 1:28:06]} 5...O-O {[%clk
1:32:03]} 6.O-O {[%clk 1:28:32]} 6...Nc6 {[%clk 1:32:17]} 7.Nc3 {[%clk 1:28:25]}
7...Bg4 {[%clk 1:32:40]} 8.h3 {[%clk 1:28:33]} 8...Bxf3 {[%clk 1:33:03]} 9.Bxf3
{[%clk 1:29:00]} 9...Nd7 {[%clk 1:33:20]} 10.e3 {[%clk 1:29:21]} 10...e5 {[%clk
1:33:27]} 11.d5 {[%clk 1:29:45]} 11...Ne7 {[%clk 1:33:50]} 12.e4 {[%clk
1:30:10]} 12...f5 {[%clk 1:34:12]} 13.h4 Nf6 {[%clk 1:34:12]} 14.Bg5 {[%clk
1:31:06]} 14...Qd7 {[%clk 1:34:22]} 15.Kg2 {[%clk 1:30:19]} 15...h6 {[%clk
1:28:40]} 16.Bxf6 {[%clk 1:30:47]} 16...Bxf6 {[%clk 1:24:23]} 17.h5 {[%clk
1:21:57]} 17...g5 {[%clk 1:23:42]} 18.exf5 {[%clk 1:21:57]} 18...Nxf5 {[%clk
1:15:24]} 19.Bg4 {[%clk 0:39:28]} 19...Bg7 {[%clk 1:07:02]} 20.Qf3 {[%clk
0:36:19]} 20...Rf7 21.Ne4 Raf8 {[%clk 1:02:58]} 22.Kh3 {[%clk 0:36:21]}
22...Qe7 {[%clk 0:59:42]} 23.Bxf5 {[%clk 0:35:14]} 23...Rxf5 {[%clk 0:59:59]}
24.Qg4 {[%clk 0:34:45]} 24...Rf3 {[%clk 0:58:11]} 25.Kg2 {[%clk 0:29:04]}
25...Qf7 {[%clk 0:45:08]} 26.Rad1 {[%clk 0:21:36]} 26...b6 {[%clk 0:43:15]}
27.Rd2 {[%clk 0:20:17]} 27...a5 {[%clk 0:39:21]} 28.Rc1 {[%clk 0:19:53]}
28...Kh8 {[%clk 0:38:41]} 29.Rc3 {[%clk 0:19:03]} 29...Rxc3 {[%clk 0:18:21]}
30.Nxc3 {[%clk 0:16:10]} 30...Qe8 31.Ne4 {[%clk 0:16:39]} 31...Qa4 {[%clk
0:17:13]} 32.b3 {[%clk 0:15:40]} 32...Qe8 {[%clk 0:10:51]} 33.a4 {[%clk
0:16:01]} 33...Qf7 34.Rd3 {[%clk 0:16:30]} 34...Qe8 {[%clk 0:04:59]} 35.Rf3
{[%clk 0:14:47]} 35...Rxf3 {[%clk 0:04:55]} 36.Qxf3 {[%clk 0:14:30]} 36...Qd7
37.Nc3 {[%clk 0:14:58]} 37...Kg8 {[%clk 0:02:20]} 38.Qe4 {[%clk 0:15:26]}
38...Qf7 {[%clk 0:01:12]} 39.Qg4 {[%clk 0:42:01]} 39...Kh7 40.Qf3 {[%clk
0:42:28]} 40...Qxf3+ {[%clk 0:30:36]} 41.Kxf3 Bf6 {[%clk 0:30:33]} 42.Nb5
{[%clk 0:42:42]} 42...Bd8 {[%clk 0:30:54]} 43.Kg4 {[%clk 0:43:01]} 43...Kg7
{[%clk 0:30:31]} 44.Kf5 {[%clk 0:43:30]} 44...Kf7 {[%clk 0:30:50]} 45.g4 {[%clk
0:42:10]} 45...Be7 46.Nxc7 {[%clk 0:42:29]} 46...Bf6 {[%clk 0:29:05]} 47.Na8
{[%clk 0:41:47]} 47...Bd8 {[%clk 0:29:25]} 48.f3 {[%clk 0:42:16]} 48...Ke7
{[%clk 0:29:04]} 49.Kg6 {[%clk 0:42:44]} 49...Kf8 {[%clk 0:29:17]} 50.Kxh6
{[%clk 0:42:36]} 50...Kf7 {[%clk 0:29:07]} 51.Kh7 {[%clk 0:43:04]} 51...Kf8
{[%clk 0:29:03]} 52.Kg6 {[%clk 0:43:24]} 52...Kg8 {[%clk 0:28:41]} 53.h6 Kh8
{[%clk 0:28:58]} 54.Kf7 {[%clk 0:44:04]} 54...Kh7 {[%clk 0:29:17]} 55.Ke6
{[%clk 0:44:25]} 55...Kxh6 {[%clk 0:29:26]} 56.Kxd6 {[%clk 0:44:51]} 56...Kg6
{[%clk 0:29:30]} 57.Kxe5 {[%clk 0:45:11]} 57...Kf7 {[%clk 0:29:50]} 58.d6
{[%clk 0:45:32]} 58...Ke8 {[%clk 0:30:09]} 1-0

[Event "Najdorf Memorial"]
[Site "Warsaw POL"]
[Date "2021.07.13"]
[Round "4.31"]
[White "Lasota, Adam"]
[Black "Karwowski, Kacper"]
[Result "0-1"]
[WhiteElo "1873"]
[BlackElo "2243"]
[EventDate "2021.07.10"]
[PlyCount "110"]
[LiveChessVersion "1.4.8"]

1.d4 {[%clk 1:30:56]} 1...Nf6 {[%clk 1:24:13]} 2.Bf4 {[%clk 1:31:17]} 2...g6
{[%clk 1:23:54]} 3.e3 {[%clk 1:31:41]} 3...Bg7 {[%clk 1:22:07]} 4.Be2 {[%clk
1:32:03]} 4...d6 {[%clk 1:22:23]} 5.h3 {[%clk 1:32:28]} 5...b6 {[%clk 1:21:19]}
6.Nf3 {[%clk 1:32:08]} 6...Bb7 {[%clk 1:21:30]} 7.O-O {[%clk 1:31:59]} 7...O-O
{[%clk 1:21:48]} 8.Re1 {[%clk 1:29:56]} 8...Nbd7 {[%clk 1:19:23]} 9.Bh2 {[%clk
1:29:35]} 9...Re8 {[%clk 1:15:03]} 10.a4 {[%clk 1:26:46]} 10...e5 {[%clk
1:11:47]} 11.c3 {[%clk 1:24:16]} 11...Qe7 {[%clk 1:08:04]} 12.a5 {[%clk
1:22:44]} 12...c5 {[%clk 1:01:52]} 13.Na3 {[%clk 1:20:37]} 13...Rad8 {[%clk
0:43:02]} 14.axb6 {[%clk 1:03:48]} 14...axb6 {[%clk 0:43:02]} 15.dxc5 {[%clk
1:03:48]} 15...dxc5 {[%clk 0:43:02]} 16.Nb5 {[%clk 1:02:30]} 16...Nb8 {[%clk
0:39:11]} 17.Qb3 {[%clk 0:55:36]} 17...Bd5 {[%clk 0:29:57]} 18.Qc2 {[%clk
0:51:32]} 18...Nc6 {[%clk 0:28:03]} 19.Ra6 {[%clk 0:44:49]} 19...Qb7 {[%clk
0:24:00]} 20.Rea1 {[%clk 0:44:10]} 20...Ne4 {[%clk 0:22:44]} 21.R6a4 {[%clk
0:38:57]} 21...Na5 {[%clk 0:20:29]} 22.c4 {[%clk 0:34:39]} 22...Be6 {[%clk
0:19:22]} 23.Bd3 {[%clk 0:29:55]} 23...Bf5 {[%clk 0:19:14]} 24.Nh4 {[%clk
0:24:29]} 24...Qd7 {[%clk 0:17:37]} 25.Nxf5 {[%clk 0:24:22]} 25...Qxd3 {[%clk
0:15:35]} 26.Qxd3 {[%clk 0:24:28]} 26...Rxd3 {[%clk 0:16:02]} 27.Nxg7 {[%clk
0:24:37]} 27...Kxg7 {[%clk 0:16:01]} 28.Nc7 {[%clk 0:23:55]} 28...Re7 {[%clk
0:12:36]} 29.Nd5 Re6 {[%clk 0:12:42]} 30.Re1 {[%clk 0:16:36]} 30...f6 {[%clk
0:10:12]} 31.f4 {[%clk 0:13:17]} 31...Rb3 {[%clk 0:05:22]} 32.fxe5 {[%clk
0:13:13]} 32...fxe5 {[%clk 0:04:44]} 33.Nc7 {[%clk 0:12:21]} 33...Re7 {[%clk
0:04:19]} 34.Nd5 {[%clk 0:12:42]} 34...Re6 {[%clk 0:04:37]} 35.Nc7 {[%clk
0:12:51]} 35...Rc6 {[%clk 0:05:04]} 36.Bxe5+ {[%clk 0:13:01]} 36...Kh6 {[%clk
0:05:32]} 37.Nd5 {[%clk 0:11:01]} 37...Nd2 {[%clk 0:05:26]} 38.h4 {[%clk
0:08:10]} 38...Ndxc4 {[%clk 0:02:51]} 39.Bc3 {[%clk 0:05:01]} 39...b5 {[%clk
0:00:47]} 40.Ra2 {[%clk 0:34:07]} 40...b4 {[%clk 0:30:33]} 41.Bf6 {[%clk
0:30:58]} 41...Rd3 {[%clk 0:27:50]} 42.Bg5+ {[%clk 0:31:08]} 42...Kg7 {[%clk
0:28:14]} 43.e4 {[%clk 0:28:51]} 43...h6 {[%clk 0:27:03]} 44.Bd8 Ra6 {[%clk
0:18:51]} 45.Rea1 {[%clk 0:23:27]} 45...Kf7 {[%clk 0:16:49]} 46.Bxa5 b3 {[%clk
0:16:56]} 47.Rf1+ {[%clk 0:14:46]} 47...Ke8 {[%clk 0:15:53]} 48.Nc7+ {[%clk
0:14:21]} 48...Ke7 {[%clk 0:16:04]} 49.Nxa6 {[%clk 0:13:37]} 49...bxa2 {[%clk
0:16:30]} 50.Bc3 {[%clk 0:11:39]} 50...Ne3 {[%clk 0:17:01]} 51.Bf6+ {[%clk
0:01:33]} 51...Kf7 {[%clk 0:17:02]} 52.Nxc5 {[%clk 0:01:39]} 52...Nxf1 {[%clk
0:17:04]} 53.Nxd3 {[%clk 0:01:30]} 53...a1=Q {[%clk 0:17:22]} 54.Bc3 {[%clk
0:01:53]} 54...Nd2+ 55.Kh2 Nxe4 {[%clk 0:17:46]} 0-1

[Event "Najdorf Memorial"]
[Site "Warsaw POL"]
[Date "2021.07.13"]
[Round "4.32"]
[White "Podgorski, Maciej"]
[Black "Fiedorek, Michal"]
[Result "1-0"]
[WhiteElo "1908"]
[BlackElo "2234"]
[EventDate "2021.07.10"]
[PlyCount "91"]
[LiveChessVersion "1.4.8"]

1.e4 {[%clk 1:25:54]} 1...c5 {[%clk 1:30:54]} 2.Nf3 {[%clk 1:26:14]} 2...Nc6
{[%clk 1:31:19]} 3.d3 {[%clk 1:26:12]} 3...d6 {[%clk 1:29:31]} 4.g3 {[%clk
1:26:12]} 4...g6 {[%clk 1:29:47]} 5.Bg2 {[%clk 1:26:23]} 5...Bg7 {[%clk
1:30:11]} 6.O-O {[%clk 1:26:37]} 6...e6 {[%clk 1:29:38]} 7.Nbd2 {[%clk 1:25:07]}
7...Nge7 {[%clk 1:29:41]} 8.Re1 {[%clk 1:24:54]} 8...O-O {[%clk 1:29:44]} 9.a4
{[%clk 1:23:27]} 9...Rb8 {[%clk 1:29:29]} 10.Nc4 {[%clk 1:22:42]} 10...b6
{[%clk 1:27:08]} 11.e5 {[%clk 1:15:22]} 11...d5 {[%clk 1:25:01]} 12.Nd6 {[%clk
1:15:33]} 12...Ba6 {[%clk 1:19:18]} 13.Bf4 {[%clk 1:14:28]} 13...Nc8 {[%clk
1:17:15]} 14.Nxc8 {[%clk 1:06:55]} 14...Qxc8 {[%clk 1:12:38]} 15.h4 {[%clk
1:05:02]} 15...h6 {[%clk 1:09:22]} 16.Nh2 {[%clk 0:56:50]} 16...h5 {[%clk
0:48:25]} 17.g4 {[%clk 0:51:13]} 17...Qd8 {[%clk 0:44:22]} 18.Bg3 {[%clk
0:43:05]} 18...hxg4 {[%clk 0:40:17]} 19.Qxg4 {[%clk 0:37:43]} 19...Nd4 {[%clk
0:39:32]} 20.Rac1 {[%clk 0:36:10]} 20...Nf5 {[%clk 0:38:01]} 21.h5 {[%clk
0:36:24]} 21...Nh6 {[%clk 0:33:01]} 22.Qh3 {[%clk 0:35:58]} 22...Qg5 {[%clk
0:31:17]} 23.hxg6 {[%clk 0:36:03]} 23...Qxg6 {[%clk 0:31:33]} 24.Bf3 {[%clk
0:28:16]} 24...Nf5 {[%clk 0:27:54]} 25.Bh5 {[%clk 0:26:19]} 25...Qg5 {[%clk
0:21:03]} 26.Ng4 {[%clk 0:23:05]} 26...Rfc8 {[%clk 0:11:09]} 27.f4 {[%clk
0:21:49]} 27...Qe7 {[%clk 0:09:14]} 28.Ne3 {[%clk 0:19:51]} 28...d4 {[%clk
0:02:16]} 29.Nxf5 {[%clk 0:19:24]} 29...exf5 {[%clk 0:02:42]} 30.Qxf5 {[%clk
0:17:35]} 30...Rc6 {[%clk 0:02:43]} 31.Re2 {[%clk 0:15:56]} 31...c4 {[%clk
0:02:56]} 32.dxc4 {[%clk 0:13:16]} 32...Bxc4 {[%clk 0:03:09]} 33.Rg2 {[%clk
0:12:47]} 33...Bd5 {[%clk 0:02:45]} 34.Rh2 {[%clk 0:12:04]} 34...Qc5 {[%clk
0:01:08]} 35.Bf2 {[%clk 0:11:40]} 35...Qb4 {[%clk 0:01:09]} 36.Re1 {[%clk
0:10:04]} 36...Rh6 {[%clk 0:00:46]} 37.Qd3 {[%clk 0:03:06]} 37...Qxb2 {[%clk
0:01:05]} 38.Bxd4 {[%clk 0:03:06]} 38...Qb4 {[%clk 0:01:13]} 39.c3 {[%clk
0:02:56]} 39...Qe7 {[%clk 0:01:04]} 40.Qg3 {[%clk 0:32:43]} 40...Kh8 {[%clk
0:30:54]} 41.Kf2 {[%clk 0:15:59]} 41...Rg8 {[%clk 0:26:43]} 42.Rg1 {[%clk
0:11:21]} 42...Be4 {[%clk 0:26:06]} 43.Bxf7 {[%clk 0:08:33]} 43...Qxf7 {[%clk
0:23:08]} 44.Rxh6+ {[%clk 0:08:52]} 44...Bh7 {[%clk 0:22:47]} 45.Rxh7+ {[%clk
0:07:25]} 45...Kxh7 {[%clk 0:23:13]} 46.Qd3+ 1-0

[Event "Najdorf Memorial"]
[Site "Warsaw POL"]
[Date "2021.07.13"]
[Round "4.33"]
[White "Paprocki, Jaroslaw"]
[Black "Raczek, Krzysztof"]
[Result "1-0"]
[WhiteElo "2231"]
[BlackElo "1816"]
[EventDate "2021.07.10"]
[PlyCount "119"]
[BlackTitle "I"]
[WhiteTitle "k++"]

1.c4 Nf6 2.Nc3 g6 3.e4 e5 4.g3 Bg7 5.Bg2 O-O 6.Nge2 Nc6 7.O-O d6 8.h3 Nh5 9.d3
Be6 10.g4 Nf6 11.f4 exf4 12.Nxf4 Nd4 13.Be3 Nd7 14.Rb1 a5 15.Nce2 c5 16.e5 dxe5
17.Nxe6 Nxe6 18.Bxb7 Rb8 19.Bd5 Nd4 20.Ng3 Nb6 21.Be4 Qd7 22.Kg2 Ne6 23.b3 Nf4+
24.Bxf4 exf4 25.Rxf4 Be5 26.Rf3 Kg7 27.Qe1 a4 28.b4 cxb4 29.Rxb4 f6 30.Rb5 Qd4
31.Ne2 Qd8 32.c5 Nd7 33.Rxb8 Qxb8 34.d4 Qb2 35.c6 Bxd4 36.cxd7 Qxa2 37.Rd3 Bb6
38.Bf3 Qe6 39.Qb4 Bc7 40.Qc5 Be5 41.Nd4 Qa2+ 42.Qc2 Qxc2+ 43.Nxc2 Bc7 44.Re3
Bd8 45.Bc6 Rf7 46.Re8 Bb6 47.d8=Q Bxd8 48.Rxd8 Kh6 49.Bxa4 Rc7 50.Ne3 Kg5
51.Rd5+ Kf4 52.Kf2 Re7 53.Rd3 Ra7 54.Rd4+ Ke5 55.Rb4 h5 56.Bc2 Ra2 57.Kf3 hxg4+
58.Nxg4+ Kd6 59.Bb3 Ra3 60.Ne3 1-0

[Event "Najdorf Memorial"]
[Site "Warsaw POL"]
[Date "2021.07.13"]
[Round "4.34"]
[White "Kanarek, Marcel"]
[Black "Derylo, Kamil"]
[Result "1-0"]
[WhiteElo "2498"]
[BlackElo "2062"]
[EventDate "2021.07.10"]
[PlyCount "89"]
[BlackTitle "I++"]
[WhiteTitle "GM"]

1.d4 d5 2.c4 e6 3.cxd5 exd5 4.Nc3 c5 5.Nf3 Nc6 6.dxc5 d4 7.Na4 Bxc5 8.Nxc5 Qa5+
9.Bd2 Qxc5 10.Rc1 Qb6 11.e3 Nf6 12.Bc4 dxe3 13.Bxe3 Qb4+ 14.Kf1 Be6 15.Bxe6
fxe6 16.Qe2 Qe4 17.Bc5 Rd8 18.Ng5 Qxe2+ 19.Kxe2 Rd5 20.Be3 e5 21.Rhd1 h6 22.Ne4
Rxd1 23.Nxf6+ gxf6 24.Rxd1 Rh7 25.Rd6 Ke7 26.Bc5 Kf7 27.Rd7+ Kg6 28.Rxh7 Kxh7
29.Kd3 Kg6 30.Ke4 f5+ 31.Kd5 Kf6 32.b4 a6 33.a4 Nd8 34.Be3 f4 35.Bd2 Kf5 36.f3
Ne6 37.Kd6 h5 38.Kd7 b5 39.a5 Nd4 40.Kc7 e4 41.fxe4+ Kxe4 42.Kb6 f3 43.gxf3+
Nxf3 44.Kxa6 Nxd2 45.Kxb5 1-0